000 00634nam a22002177a 4500
999 _c6375
_d6375
003 OSt
005 20191108121828.0
008 191108b ||||| |||| 00| 0 eng d
020 _a9781259860300
040 _cDDC
082 _a658.40 PHI 2017
100 _aPhillips, Joseph
_913041
245 _aProject Management With Comp TIA Project+: on track from start to finish
250 _a4th ed.
260 _aNew York;
_bMcGraw-Hill,
_c2017
300 _axviii,557p;
_bIll:
_c23cm
_e+DVD
504 _aGlossary, & index included
650 _aProject management
_95305
650 _aBusiness inteligence
_913042
942 _2z
_cO_SHELF